Ginger: a versatile healing herb by S C Pakrashi and Anita Pakrashi (Record no. 1209468)

MARC details
000 -LEADER
fixed length control field 01089nam a2200301Ia 4500
003 - CONTROL NUMBER IDENTIFIER
control field OSt
005 - DATE AND TIME OF LATEST TRANSACTION
control field 20221007121856.0
008 - FIXED-LENGTH DATA ELEMENTS--GENERAL INFORMATION
fixed length control field 221006b |||||||| |||| 00| 0 eng d
020 ## - INTERNATIONAL STANDARD BOOK NUMBER
International Standard Book Number 8179360083 (hbd)
037 ## - SOURCE OF ACQUISITION
Terms of availability Textual
040 ## - CATALOGING SOURCE
Original cataloging agency BDL
Transcribing agency BDL
Language of cataloging eng
041 ## - LANGUAGE CODE
Source of code eng
Language code of text/sound track or separate title eng
100 ## - MAIN ENTRY--PERSONAL NAME
Personal name Pakrashi S C
9 (RLIN) 713069
245 #0 - TITLE STATEMENT
Title Ginger: a versatile healing herb by S C Pakrashi and Anita Pakrashi
Remainder of title Pakrashi Anita
260 ## - PUBLICATION, DISTRIBUTION, ETC.
Place of publication, distribution, etc. New
Name of publisher, distributor, etc. Delhi Vedams
Date of publication, distribution, etc. 2003
300 ## - PHYSICAL DESCRIPTION
Extent xv, 168p
Dimensions cm.
500 ## - GENERAL NOTE
General note Bibliography 73-95p; Appendix 96-168p; ^n23/CSL/CARB/2003-2004/1268^d2004-02-04^mPurchase; ; 2003-04/778^b2004-02-23^c975/2003-04^d2004-02-06^eRs.19,313.00^fJagmander Book Agency; ; 2004-04-10^bSB^c2004-04-10^dVinay
650 ## - SUBJECT ADDED ENTRY--TOPICAL TERM
Topical term or geographic name entry element Drug
9 (RLIN) 713070
650 ## - SUBJECT ADDED ENTRY--TOPICAL TERM
Topical term or geographic name entry element Ginger
9 (RLIN) 713071
650 ## - SUBJECT ADDED ENTRY--TOPICAL TERM
Topical term or geographic name entry element Agriculture
700 ## - ADDED ENTRY--PERSONAL NAME
Personal name Pakrashi Anita
9 (RLIN) 713072
942 ## - ADDED ENTRY ELEMENTS (KOHA)
Classification part J645, P3
Koha item type Textual
Source of classification or shelving scheme Colon Classification (CC)
Holdings
Withdrawn status Lost status Source of classification or shelving scheme Damaged status Not for loan Home library Current library Date acquired Source of acquisition Total Checkouts Full call number Barcode Date last seen Price effective from Koha item type
    Colon Classification (CC)     Department of Botany Library Department of Botany Library 2022-10-07 Jagmander,   J645 P3 BD0004872 2022-10-07 2022-10-07 Textual
Copyright @ Delhi University Library System